Kentucky's original 9 counties - Statistics

General Stats
  • This quiz has been taken 6 times
  • The average score is 4 of 9
Answer Stats
Answer % Correct
Jefferson
100%
Fayette
80%
Bourbon
40%
Madison
40%
Mercer
40%
Woodford
40%
Lincoln
20%
Mason
20%
Nelson
20%
No matching quizzes found
Score Distribution
Percent of People with Each Score
Percentile by Number Answered
Your Score History
You have not taken this quiz